|
|
|
|
| LEADER |
00000nam0a2200000 4500 |
| 001 |
234417 |
| 005 |
20260422095108.0 |
| 035 |
|
|
|a (RuTPU)RU\TPU\book\255540
|
| 090 |
|
|
|a 234417
|
| 100 |
|
|
|a 20130325d2012 m y0rusy50 ca
|
| 101 |
0 |
|
|a rus
|
| 102 |
|
|
|a RU
|
| 105 |
|
|
|a a j 001zy
|
| 200 |
1 |
|
|a Теория теней и перспектив
|e практикум
|e учебно-методическое пособие
|f Национальный исследовательский Томский политехнический университет (ТПУ); сост. О. К. Кононова
|
| 210 |
|
|
|a Томск
|c Изд-во ТПУ
|d 2012
|
| 215 |
|
|
|a 80 с.
|c ил.
|
| 320 |
|
|
|a Библиогр.: с. 44.
|
| 330 |
|
|
|a В пособии рассматриваются основы построения перспектив теней. Содержит два раздела: линейная перспектива и построение теней в линейной перспективе. Кроме задач, предлагаемых студентам для самостоятельного решения, пособие включает методический материал с достаточным количеством примеров решения поставленых задач. Предназначено для студентов, обучающихся по направлению 072500 «Дизайн», а также может быть полезно студентам архитектурно-строительных специальностей.
|
| 452 |
|
1 |
|0 (RuTPU)RU\TPU\book\257428
|t Теория теней и перспектив
|o практикум
|o учебно-методическое пособие
|f Национальный исследовательский Томский политехнический университет (ТПУ) ; Национальный исследовательский Томский политехнический университет (ТПУ), Институт кибернетики (ИК), Кафедра начертательной геометрии и графики (НГГ) ; сост. О. К. Кононова
|c Томск
|n Изд-во ТПУ
|d 2012
|
| 606 |
1 |
|
|a Начертательная геометрия
|2 stltpush
|3 (RuTPU)RU\TPU\subj\45211
|9 64468
|
| 610 |
1 |
|
|a тени
|
| 610 |
1 |
|
|a перспектива
|
| 610 |
1 |
|
|a линейная перспектива
|
| 610 |
1 |
|
|a практикумы
|
| 610 |
1 |
|
|a учебно-методические пособия
|
| 610 |
1 |
|
|a труды учёных ТПУ
|
| 675 |
|
|
|a 514.18(076.5)
|v 3
|
| 702 |
|
1 |
|a Кононова
|b О. К.
|c специалист в области начертательной геометрии
|c старший преподаватель Томского политехнического университета
|f 1946-
|g Ольга Константиновна
|3 (RuTPU)RU\TPU\pers\29478
|4 220
|9 14021
|
| 712 |
0 |
2 |
|a Национальный исследовательский Томский политехнический университет (ТПУ)
|c (2009- )
|3 (RuTPU)RU\TPU\col\15902
|
| 801 |
|
1 |
|a RU
|b 63413507
|c 20130325
|
| 801 |
|
2 |
|a RU
|b 63413507
|c 20130422
|g RCR
|
| 942 |
|
|
|c BK
|